[Event "Hoogeveen Amateurs op 25th"]
[Site "Hoogeveen"]
[Date "2022.10.21"]
[Round "6.7"]
[White "Van den Heuvel, Annelies"]
[Black "Kompaan, Rick"]
[Result "0-1"]
[WhiteElo "1668"]
[BlackElo "1785"]
[PlyCount "66"]
[EventDate "2022.10.15"]
[EventType "swiss"]
[EventRounds "7"]
[EventCountry "NED"]
[SourceTitle "CBM 210 Extra"]
[Source "ChessBase"]
[SourceDate "2022.11.30"]
[SourceVersion "1"]
[SourceVersionDate "2022.11.30"]
[SourceQuality "1"]

1. e4 c5 2. Nc3 d6 3. f4 g6 4. Nf3 Bg7 5. Bc4 Nf6 6. d3 0-0 7. f5 gxf5 8. 0-0 a6 9. a4 Nc6 10. Qe1 Nd4 11. Nxd4 cxd4 12. Ne2 fxe4 13. dxe4 Nxe4 14. Nf4 Bf5 15. g4 Bxg4 16. Qxe4 e5 17. Ng2 Bh5 18. Ra3 Rc8 19. Bd5 Bg6 20. Qg4 Rxc2 21. Nh4 Qc8 22. Qg5 Qc5 23. Nxg6 hxg6 24. Ba2 e4 25. Qg3 Rxc1 26. Qxg6 d3+ 27. Kg2 Rxf1 28. Kxf1 Qc1+ 29. Kg2 Qxb2+ 30. Kg3 Qxa3 31. Bxf7+ Rxf7 32. Qe6 d2+ 33. Kg4 Qf3+ 0-1

[Event "Hoogeveen Amateurs op 25th"]
[Site "Hoogeveen"]
[Date "2022.10.17"]
[Round "3.3"]
[White "Van der Werff, Frank"]
[Black "Kompaan, Rick"]
[Result "1-0"]
[WhiteElo "1942"]
[BlackElo "1785"]
[PlyCount "139"]
[EventDate "2022.10.15"]
[EventType "swiss"]
[EventRounds "7"]
[EventCountry "NED"]
[SourceTitle "CBM 210 Extra"]
[Source "ChessBase"]
[SourceDate "2022.11.30"]
[SourceVersion "1"]
[SourceVersionDate "2022.11.30"]
[SourceQuality "1"]

1. d4 d5 2. c4 c6 3. Nf3 Nf6 4. Nc3 e6 5. Bg5 Nbd7 6. cxd5 exd5 7. e3 h6 8. Bh4 g5 9. Bg3 Nh5 10. Bd3 Nxg3 11. hxg3 Qf6 12. Qc2 Bb4 13. 0-0 g4 14. Nh4 Nb6 15. a3 Bd6 16. b4 Bd7 17. b5 Rc8 18. bxc6 Rxc6 19. Qb3 Be6 20. Bb5 0-0 21. Bxc6 bxc6 22. Na4 Rb8 23. Nxb6 axb6 24. Qd3 h5 25. Rfd1 Bd7 26. a4 Ra8 27. Rdb1 Bc7 28. e4 dxe4 29. Qxe4 Qe6 30. Qxe6 Bxe6 31. Rc1 Bd7 32. d5 c5 33. Re1 Bd6 34. Rab1 Rb8 35. Re4 Kg7 36. Kh2 f5 37. Rc4 Kf6 38. Rb3 Be8 39. Re3 Bf7 40. Rd3 Re8 41. Re3 Rxe3 42. fxe3 Bxd5 43. Rc1 Bc6 44. Rf1 f4 45. gxf4 Bxa4 46. e4 Bc7 47. e5+ Ke6 48. g3 Bb5 49. Ra1 c4 50. Re1 Bd8 51. f5+ Kf7 52. Ng2 Bg5 53. Rb1 Ba4 54. Rxb6 c3 55. Rb7+ Ke8 56. Nf4 c2 57. Rc7 Bd8 58. Rc4 Bb3 59. Rc6 Ba4 60. Re6+ Kd7 61. Rd6+ Kc8 62. Nd3 Bc7 63. Rd5 Bb6 64. f6 Be3 65. f7 Bh6 66. e6 Bf8 67. Ra5 Bb3 68. Ra8+ Kc7 69. Rxf8 Bxe6 70. Rc8+ 1-0